Conflictos socioambientales y recurso hídrico una aproximación para su identificación y análisis (Registro nro. 92760)

Detalles MARC
000 -ENCABEZADO
Número de control [NR] 01505nam a22003377a 4500
008 - DE LONGITUD FIJA DE DATOS DE ELEMENTOS - INFORMACIÓN GENERAL
Elementos de longitud fija [NR] 130821s2009 ck ab gr spa
020 ## - NUMERO INTERNACIONAL NORMALIZADO PARA LIBROS [R]
Número Internacional Normalizado del libro [NR] 9789587162707
040 ## - FUENTE DE CATALOGACION [NR]
Agencia de catalogación original [NR] Co-BoUCM
Idioma de catalogación [NR] spa
041 00 - CODIGO DE IDIOMA [R]
Código de idioma para texto/pista de sonido o título separado [R] Español
245 00 - MENCION DE TITULO [NR]
Título [NR] Conflictos socioambientales y recurso hídrico una aproximación para su identificación y análisis
Mención de responsabilidad, etc. [NR] Diana Lucía Maya Vélez ... [et al.].
260 ## - PUBLICACION, DISTRIBUCION, ETC. (PIE DE IMPRENTA) [R]
Lugar de publicación, distribución, etc. [R] Bogotá (Colombia)
Nombre del editor, distribuidor, etc. [R] Pontificia Universidad Javeriana
Fecha de publicación, distribución, etc. [R] 2009
300 ## - DESCRIPCION FISICA [R]
Extensión [R] 187 páginas
Otros detalles físicos [NR] cuadros, ilustraciones, mapas (algunas en color)
504 ## - NOTA DE BIBLIOGRAFIA, ETC. [R]
Nota de bibliografía, etc. [NR]
650 04 - ASIENTO SECUNDARIO DE MATERIA - TERMINO TEMATICO [R]
Término temático o nombre geográfico como elemento de entrada [NR] Conservación de los recursos naturales
Subdivisión de forma [R] Aspectos sociales
9 (RLIN) 11659
650 04 - ASIENTO SECUNDARIO DE MATERIA - TERMINO TEMATICO [R]
Término temático o nombre geográfico como elemento de entrada [NR] Medio ambiente
9 (RLIN) 19225
650 04 - ASIENTO SECUNDARIO DE MATERIA - TERMINO TEMATICO [R]
Término temático o nombre geográfico como elemento de entrada [NR] Medio ambiente
Subdivisión de forma [R] Aspectos sociales
9 (RLIN) 19225
650 04 - ASIENTO SECUNDARIO DE MATERIA - TERMINO TEMATICO [R]
Término temático o nombre geográfico como elemento de entrada [NR] Recursos hídricos
Subdivisión de forma [R] Aspectos sociales
9 (RLIN) 23216
650 04 - ASIENTO SECUNDARIO DE MATERIA - TERMINO TEMATICO [R]
Término temático o nombre geográfico como elemento de entrada [NR] Recursos hídricos
Subdivisión general [R] Aspectos económicos
9 (RLIN) 23216
650 04 - ASIENTO SECUNDARIO DE MATERIA - TERMINO TEMATICO [R]
Término temático o nombre geográfico como elemento de entrada [NR] Recursos naturales
Subdivisión de forma [R] Aspectos sociales
9 (RLIN) 23220
700 1# - ASIENTO SECUNDARIO - NOMBRE PERSONAL [R]
Nombre personal [NR] Acevedo Arias, Gloria Inés
700 1# - ASIENTO SECUNDARIO - NOMBRE PERSONAL [R]
Nombre personal [NR] Garrido Rodríguez, Evelyn
700 1# - ASIENTO SECUNDARIO - NOMBRE PERSONAL [R]
Nombre personal [NR] Maya Vélez, Diana Lucía
700 1# - ASIENTO SECUNDARIO - NOMBRE PERSONAL [R]
Nombre personal [NR] Ramos Barón, Pablo Andrés
700 1# - ASIENTO SECUNDARIO - NOMBRE PERSONAL [R]
Nombre personal [NR] Tobón Quintero, Gabriel John
710 1# - ASIENTO SECUNDARIO - NOMBRE CORPORATIVO [R]
Nombre corporativo o de jurisdicción como elemento de entrada [NR] Colombia.
Unidad subordinada [R] Ministerio de Ambiente, Vivienda y Desarrollo Territorial
710 2# - ASIENTO SECUNDARIO - NOMBRE CORPORATIVO [R]
Nombre corporativo o de jurisdicción como elemento de entrada [NR] Agencia de Cooperación Técnica Alemana al Desarrollo. GTZ
710 2# - ASIENTO SECUNDARIO - NOMBRE CORPORATIVO [R]
Nombre corporativo o de jurisdicción como elemento de entrada [NR] Banco Mundial
710 2# - ASIENTO SECUNDARIO - NOMBRE CORPORATIVO [R]
Nombre corporativo o de jurisdicción como elemento de entrada [NR] Pontificia Universidad Javeriana.
Unidad subordinada [R] Facultad de Estudios Ambientales y Rurales
942 ## - ELEMENTOS DE ENTRADA AGREGADOS (KOHA)
Tipo de ítem principal el descrito en 300a Libro
Tema principal Economía
Edición 1
Parte restante de la signatura top. C748
Sistema de clasificación DEWEY
Clasificación 333.91
Existencias
Fecha de último préstamo Total préstamos Signatura topográfica Código de barras Última vez visto Ejemplar Price effective from Tipo de ítem Perdido Sistema de clasificación Dañado No prestable Tipo de ítem específico Suprimido Ubicación habitual Ubicación actual Localización Fecha de creación Forma de adquisición Costo
03/11/2018 1 333.91 C748 100123580 04/12/2025 Ej.3 03/02/2013 Libro   DEWEY     Libro   Claustro Claustro Mezanine 30/09/2012   26000.00
28/07/2014 3 333.91 C748 100100828 04/12/2025 Ej.1 03/02/2013 Libro   DEWEY     Libro   Claustro Claustro Mezanine 30/09/2010 Donación 26000.00
04/02/2012 7 333.91 C748 100100832 04/12/2025 Ej.2 03/02/2013 Libro   DEWEY     Libro   Claustro Claustro Mezanine 30/09/2010 Donación 26000.00